Secrets to powerful prayer. (Record no. 16526)

000 -LEADER
fixed length control field 00635nam a2200193 a 4500
001 - CONTROL NUMBER
control field :::00019490$&:&@@
003 - CONTROL NUMBER IDENTIFIER
control field OkBaRHE
005 - DATE AND TIME OF LATEST TRANSACTION
control field 20011113165007.0
008 - FIXED-LENGTH DATA ELEMENTS--GENERAL INFORMATION
fixed length control field s2000 j 000 0 eng u
040 ## - CATALOGING SOURCE
Transcribing agency
100 1# - MAIN ENTRY--PERSONAL NAME
Personal name Hammond, Lynne and Cameneti, Patsy
245 10 - TITLE STATEMENT
Title Secrets to powerful prayer.
260 ## - PUBLICATION, DISTRIBUTION, ETC. (IMPRINT)
Place of publication, distribution, etc Tulsa, OK
Name of publisher, distributor, etc Harrison House
Date of publication, distribution, etc 2000
300 ## - PHYSICAL DESCRIPTION
Extent 199 p.
650 ## - SUBJECT ADDED ENTRY--TOPICAL TERM
Topical term or geographic name as entry element Prayer
942 ## - ADDED ENTRY ELEMENTS (KOHA)
Source of classification or shelving scheme
Koha item type Books
Copies
Withdrawn status Full call number Copy number Date checked out Permanent Location Damaged status Total Renewals Barcode Lost status Total Checkouts Date acquired Not for loan Date last seen Koha item type Shelving location Price effective from Current Location Source of classification or shelving scheme
 BV 210.2 .C29412014-03-14RHEMA Bible Training College 319490 12010-04-14 2014-05-02BooksGeneral Stacks2010-04-14RHEMA Bible Training College 
 BV 210.2 .C2942 RHEMA Bible Training College  19491Long Overdue (Lost) 2010-04-14 2012-02-10BooksGeneral Stacks2010-04-14RHEMA Bible Training College